Luis Cernuda : años de exilio (1938-1963) /

Hlavní autor: Rivero Taravillo, Antonio, 1963-2025
Jazyk: Španělština
Vydáno: Barcelona : Tusquets, 2011
Vydání: 1.a edición
Edice: Tiempo de memoria
Témata:
Fyzický popis: 338 stran, 16 nečíslovaných stran obrazových příloh : ilustrace, portréty ; 23 cm
Knihy
Uloženo v:
LEADER 01754nam a2200469 i 4500
001 001525434
003 CZ BrMZK
005 20160518091110.0
007 ta
008 160510s2011 sp acf e 001 0bspa
020 |a 978-84-8383-321-6  |q (brožováno) 
040 |a BOA001  |b cze  |e rda 
043 |a e-sp--- 
045 |a x3x6 
072 7 |a 821.134.2.09  |x Španělská literatura, španělsky psaná (o ní)  |2 Konspekt  |9 11 
072 7 |a 929  |x Biografie  |2 Konspekt  |9 8 
080 |a 821.134.2-051  |2 MRF 
080 |a [82:314.15-026.49]-051  |2 MRF 
080 |a 929  |2 MRF 
080 |a (460)  |2 MRF 
080 |a (092)  |2 MRF 
100 1 |a Rivero Taravillo, Antonio,  |d 1963-2025  |7 jo2012688995  |4 aut 
245 1 0 |a Luis Cernuda :  |b años de exilio (1938-1963) /  |c Antonio Rivero Taravillo 
250 |a 1.a edición 
264 1 |a Barcelona :  |b Tusquets,  |c 2011 
300 |a 338 stran, 16 nečíslovaných stran obrazových příloh :  |b ilustrace, portréty ;  |c 23 cm 
336 |a text  |b txt  |2 rdacontent 
337 |a bez média  |b n  |2 rdamedia 
338 |a svazek  |b nc  |2 rdacarrier 
490 1 |a Tiempo de memoria ;  |v 68/2 
504 |a Obsahuje bibliografii, bibliografické odkazy a rejstřík 
600 1 7 |a Cernuda, Luis,  |d 1902-1963  |7 jn20010525204  |2 czenas 
648 4 |a 1938-1963 
648 7 |a 20. století  |7 ch460558  |2 czenas 
650 0 7 |a španělští spisovatelé  |7 ph127869  |y 20. století  |2 czenas 
650 0 7 |a exiloví spisovatelé  |7 ph191059  |z Španělsko  |y 20. století  |2 czenas 
655 7 |a biografie  |7 fd131909  |2 czenas 
830 0 |a Tiempo de memoria 
910 |a BOA001  |b 2-1368.270 
990 |a BK 
991 |b 201605  |c NOV 
996 7 |b 2610670109  |c 2-1368.270  |l Španělská knihovna/3.patro  |r ZHR  |n 0  |p dar  |h CL-riv  |w 001560768  |u 000010  |a 0  |e BOA001  |j MZK50  |s A